000 01948cam a22005174i 4500
003 PE-LiUPU
005 20250731165648.0
008 150616s r 000 0 d
020 _a887653136X
035 _a(Sirsi) i9788876531361
040 _aPE-LiUPU
_bspa
_cPE-LiUPU
_erda
049 _aPRUA
082 0 4 _a221.008
_bAB
_221
100 1 _aManzi, Franco,
_eautor.
245 1 0 _aMelchisedek e l'angelologia nell'epistola agli Ebrei e a Qumran.
_n136.
264 1 _aRoma :
_bEditrice Pontificio Istituto biblico,
_c1997.
300 _a433 páginas ;
_c25 centímetros
336 _atext
_2rdacontent
337 _aunmediated
_2rdamedia
338 _avolume
_2rdacarrier
490 0 _aAnalecta Biblica ;
_v136
504 _aIncluye bibliografía: páginas309-360.
505 0 _aPossibili interpretazioni coeve di Gn 14,18-20 e del Sal 110(109),4.- Ritratti malkisedeqiani di qumran.- Ritratto sacerdotale del Melchisedek di Eb.- Confronto tra i ritratti di Melchisedek.
526 _aSEG44
526 _aSEG26
526 _aP151
526 _aP150
526 _aP149
526 _aP146
526 _aP145
526 _aP126
526 _aP125
526 _aP92
526 _aP75
526 _aP74
526 _aP27
526 _aP15
650 0 4 _aMELQUISEDEC, PERSONAJE BIBLICO - ESTUDIO.
910 _ajck
_bjvq
_cjck
942 _2ddc
_cBOOK
949 _aRC 221.008 AB 136
_wDEWEY
_c1
_i42994
_lCCODEBUL1
_mBUL
_r0
_sY
_tBOOK
_u2015-6-16
_xTEOLOGIA
_zUNKNOWN
_0COMPRA
_o.CIRCNOTE. No olvidar cambiar la fecha de devolución!!!!!!!
_o.STAFF. Colección General
994 _aC0
_bPEPRU
596 _a1
999 _aRC 221.008 AB 136
_wDEWEY
_c60965
_i42994
_f2021-11-8
_g6
_lCCODEBUL1
_mBUL
_r1
_sY
_tBOOK
_u2015-6-16
_xTEOLOGIA
_zUNKNOWN
_0COMPRA
_o.CIRCNOTE. No olvidar cambiar la fecha de devolución!!!!!!!
_o.STAFF. Colección General
_d60965
980 _81
_gALBERTO SANCHEZ Responsable de Automatización